[Event "Gorges op 29th"]
[Site "Gorges"]
[Date "2019.07.06"]
[Round "3"]
[White "Kervadec, Jean"]
[Black "Viel, Jean Marc"]
[Result "0-1"]
[WhiteElo "1445"]
[BlackElo "1547"]
[PlyCount "82"]
[EventDate "2019.07.05"]
[EventType "swiss"]
[EventRounds "5"]
[EventCountry "FRA"]
[SourceTitle "EXT 2020"]
[Source "ChessBase"]
[SourceDate "2019.10.17"]
[SourceVersion "1"]
[SourceVersionDate "2019.10.17"]
[SourceQuality "1"]

1. d4 d5 2. g3 c5 3. Nf3 Nc6 4. c3 Bf5 5. Bg2 e6 6. Nbd2 Nf6 7. Nh4 Bg6 8. 0-0 cxd4 9. cxd4 Nxd4 10. Qa4+ Nc6 11. Nxg6 hxg6 12. Re1 Be7 13. Nf3 0-0 14. Bg5 Rc8 15. Rad1 Qb6 16. b3 Bb4 17. Rf1 Ne4 18. Bd2 Nc5 19. Be3 Nxa4 20. Bxb6 Nxb6 21. h4 Rc7 22. Nh2 Rfc8 23. e3 Ne7 24. Bf3 Rc2 25. Rd4 Ba3 26. Kg2 Rxa2 27. h5 Rcc2 28. hxg6 Nxg6 29. Ng4 Bc5 30. Rdd1 f5 31. Nh2 Bxe3 32. Bh5 Rxf2+ 33. Rxf2 Rxf2+ 34. Kh3 Ne5 35. Re1 d4 36. Nf1 Nf3 37. Bxf3 Rxf3 38. Kg2 Rf2+ 39. Kh3 Nd5 40. g4 Nf4+ 41. Kh4 Ng2+ 0-1

[Event "Sautron op 13th"]
[Site "Sautron"]
[Date "2013.10.??"]
[Round "1"]
[White "Viel, Jean Marc"]
[Black "Mercier, Jean Loup"]
[Result "0-1"]
[WhiteElo "1677"]
[BlackElo "1802"]
[PlyCount "38"]
[EventDate "2013.10.26"]
[EventType "swiss"]
[EventRounds "9"]
[EventCountry "FRA"]
[SourceTitle "EXT 2016"]
[Source "ChessBase"]
[SourceDate "2015.10.08"]
[SourceVersion "1"]
[SourceVersionDate "2015.10.08"]
[SourceQuality "1"]

1. e4 c5 2. Nf3 d6 3. c3 Nf6 4. Bc4 e6 5. Qe2 Nc6 6. d4 Qc7 7. 0-0 Be7 8. e5 Nd5 9. Bxd5 exd5 10. exd6 Qxd6 11. dxc5 Qxc5 12. Be3 Qd6 13. Nbd2 0-0 14. Rad1 Qg6 15. Rfe1 Bh3 16. Qf1 Rad8 17. Kh1 Bg4 18. h3 Be6 19. Nb3 Qh5 0-1

[Event "Angers op 8th"]
[Site "Angers"]
[Date "2013.05.03"]
[Round "1"]
[White "Malin, Cedric"]
[Black "Viel, Jean Marc"]
[Result "1-0"]
[WhiteElo "1961"]
[BlackElo "1658"]
[PlyCount "103"]
[EventDate "2013.05.03"]
[EventType "swiss"]
[EventRounds "6"]
[EventCountry "FRA"]
[SourceTitle "CBM 154 Extra"]
[Source "ChessBase"]
[SourceDate "2013.06.25"]
[SourceVersion "2"]
[SourceVersionDate "2013.06.25"]
[SourceQuality "1"]

1. Nf3 Nf6 2. d4 c5 3. d5 b5 4. c4 g6 5. cxb5 a6 6. b6 Qxb6 7. Nc3 Bg7 8. g3 d6 9. Bg2 0-0 10. 0-0 Nbd7 11. h3 a5 12. Rb1 Ba6 13. Re1 Rfb8 14. e4 Ne8 15. Bf4 Bxc3 16. bxc3 Qxb1 17. Qxb1 Rxb1 18. Rxb1 Rb8 19. Rxb8 Nxb8 20. Bf1 Bxf1 21. Kxf1 Nf6 22. Nd2 Nfd7 23. Ke2 f5 24. f3 Nb6 25. Nb3 a4 26. Nxc5 fxe4 27. fxe4 g5 28. Bxg5 dxc5 29. Bxe7 N8d7 30. Ke3 Kf7 31. Bd8 Nc4+ 32. Kf4 Na3 33. e5 Ke8 34. Bc7 Nb5 35. Ba5 Nf8 36. Kf5 Kd7 37. Kf6 Ke8 38. e6 Nd6 39. g4 Ne4+ 40. Ke5 Nf2 41. Bb6 Nxh3 42. Bxc5 Ng6+ 43. Kf6 Nhf4 44. c4 Nd3 45. Ba3 Ndf4 46. Bb2 Nd3 47. Bd4 Nb4 48. a3 Nc2 49. Bc5 Nf8 50. Kg7 Ng6 51. d6 Ne5 52. Kxh7 1-0

[Event "Cholet-C"]
[Site "Cholet"]
[Date "2012.02.22"]
[Round "6"]
[White "Pougnard, Valery"]
[Black "Viel, Jean Marc"]
[Result "1/2-1/2"]
[WhiteElo "1584"]
[BlackElo "1703"]
[PlyCount "125"]
[EventDate "2012.02.18"]
[EventType "tourn"]
[EventRounds "9"]
[EventCountry "FRA"]
[SourceTitle "EXT 2013"]
[Source "ChessBase"]
[SourceDate "2012.11.22"]
[SourceVersion "1"]
[SourceVersionDate "2012.11.22"]
[SourceQuality "1"]

1. e4 e6 2. d4 d5 3. e5 c5 4. c3 Nc6 5. Nf3 Nge7 6. Na3 cxd4 7. cxd4 Nf5 8. Nc2 Be7 9. a3 a5 10. Bd2 0-0 11. Bd3 f6 12. 0-0 fxe5 13. dxe5 Bd7 14. Bc3 Qb6 15. Qd2 d4 16. Ncxd4 Ncxd4 17. Nxd4 Rad8 18. Nxf5 exf5 19. Bxa5 Qd4 20. Bxd8 Rxd8 21. Qe2 Be6 22. Bb5 Qb6 23. Bc4 f4 24. Bxe6+ Qxe6 25. Qb5 b6 26. b3 Qg6 27. Qc4+ Kh8 28. Qxf4 Rf8 29. Qg3 Qe6 30. b4 Rf5 31. f4 g6 32. Qd3 Kg7 33. Rad1 Rf7 34. Qd7 Bc5+ 35. Qd4 Bxd4+ 36. Rxd4 Rd7 37. Re4 Rd2 38. Re3 Qa2 39. Rg3 Qc2 40. f5 Kh8 41. fxg6 hxg6 42. e6 Re2 43. Rf8+ Kg7 44. Rf1 Rxe6 45. Rgf3 Re2 46. Rg3 Qd2 47. h3 Re1 48. Rgf3 Qd4+ 49. Kh2 Rxf1 50. Rxf1 Qc3 51. Rf3 Qc7+ 52. Kg1 b5 53. Kh1 Kh6 54. Kg1 Kh5 55. Kh1 g5 56. Kg1 g4 57. hxg4+ Kxg4 58. Kf2 Qc2+ 59. Kf1 Qd2 60. Kg1 Qe2 61. Kh2 Qe1 62. Rh3 Kf4 63. Rf3+ 1/2-1/2

[Event "Cholet-C"]
[Site "Cholet"]
[Date "2012.02.21"]
[Round "5"]
[White "Viel, Jean Marc"]
[Black "Dujardin, Bernard"]
[Result "0-1"]
[WhiteElo "1703"]
[BlackElo "1631"]
[PlyCount "100"]
[EventDate "2012.02.18"]
[EventType "tourn"]
[EventRounds "9"]
[EventCountry "FRA"]
[SourceTitle "EXT 2013"]
[Source "ChessBase"]
[SourceDate "2012.11.22"]
[SourceVersion "1"]
[SourceVersionDate "2012.11.22"]
[SourceQuality "1"]

1. e4 c5 2. Nf3 e6 3. c3 Nf6 4. e5 Nd5 5. d4 a6 6. c4 Nc7 7. d5 d6 8. Nc3 exd5 9. cxd5 Bg4 10. e6 fxe6 11. Qa4+ Qd7 12. Qxg4 exd5 13. Qxd7+ Nxd7 14. Bg5 d4 15. Ne4 d5 16. Ned2 Bd6 17. b4 b6 18. 0-0-0 0-0 19. Be2 Ne6 20. bxc5 bxc5 21. h3 Rac8 22. Bxa6 Rb8 23. Kc2 Rb6 24. Be2 Ra8 25. Ra1 c4 26. Nxc4 Rc6 27. Bc1 dxc4 28. Bd1 d3+ 29. Kd2 g5 30. g3 Bb4+ 31. Ke3 Bc5+ 32. Ke4 Bxf2 33. Nxg5 Ra5 34. Nxe6 Rxe6+ 35. Kf3 Bd4 36. Rb1 Ne5+ 37. Kf4 Ng6+ 38. Kf3 Rf6+ 39. Bf4 Ne5+ 40. Ke4 Nc6 41. a4 Re6+ 42. Kf3 Bc3 43. Rf1 Nd4+ 44. Kg4 Rg6+ 45. Kh4 Nf5+ 46. Kh5 Nxg3+ 47. Kh4 Nxf1 48. Rb8+ Kg7 49. Rb7+ Kf6 50. Bg4 Be1+ 0-1

[Event "Cholet-C"]
[Site "Cholet"]
[Date "2012.02.20"]
[Round "4"]
[White "Fermen, Guy"]
[Black "Viel, Jean Marc"]
[Result "0-1"]
[WhiteElo "1569"]
[BlackElo "1703"]
[PlyCount "58"]
[EventDate "2012.02.18"]
[EventType "tourn"]
[EventRounds "9"]
[EventCountry "FRA"]
[SourceTitle "EXT 2013"]
[Source "ChessBase"]
[SourceDate "2012.11.22"]
[SourceVersion "1"]
[SourceVersionDate "2012.11.22"]
[SourceQuality "1"]

1. e4 e6 2. d4 d5 3. e5 c5 4. c3 Nc6 5. Nf3 Nge7 6. a3 a5 7. Be2 cxd4 8. cxd4 Nf5 9. g4 Nh4 10. Nxh4 Qxh4 11. Bf4 Qd8 12. Be3 Be7 13. Nd2 Qb6 14. Qb3 Qxb3 15. Nxb3 Bd7 16. 0-0 a4 17. Nd2 0-0 18. f4 Rac8 19. Bb5 Nb8 20. Bxd7 Nxd7 21. Rac1 b5 22. Nb1 Nb6 23. Rxc8 Rxc8 24. Nc3 Nc4 25. Bc1 Nxa3 26. bxa3 Rxc3 27. Bb2 Rb3 28. Rf2 Bxa3 29. Rc2 Rxb2 0-1

[Event "Cholet-B"]
[Site "Cholet"]
[Date "2011.03.09"]
[Round "6"]
[White "Viel, Jean Marc"]
[Black "Henrio, Patrice"]
[Result "0-1"]
[WhiteElo "1722"]
[BlackElo "1635"]
[PlyCount "88"]
[EventDate "2011.03.05"]
[EventType "tourn"]
[EventRounds "9"]
[EventCountry "FRA"]
[SourceTitle "EXT 2012"]
[Source "ChessBase"]
[SourceDate "2011.11.24"]
[SourceVersion "1"]
[SourceVersionDate "2011.11.24"]
[SourceQuality "1"]

1. e4 d5 2. exd5 Qxd5 3. Nc3 Qa5 4. d4 Nf6 5. Nf3 Nc6 6. Be2 Ne4 7. Bd2 Nxc3 8. bxc3 e6 9. c4 Bb4 10. a3 Bxd2+ 11. Qxd2 Qxd2+ 12. Kxd2 0-0 13. Rhb1 a6 14. Rb2 Rd8 15. c3 f6 16. Ke3 Ne7 17. Ne1 Nf5+ 18. Kd2 e5 19. d5 Nd6 20. f3 c5 21. g4 e4 22. f4 Bxg4 23. Nc2 Bxe2 24. Kxe2 f5 25. Ne3 Rab8 26. Rb6 g6 27. h4 Kg7 28. h5 Nc8 29. Re6 Rd6 30. Re5 Kf7 31. Rg1 Nb6 32. Rg5 Nd7 33. hxg6+ hxg6 34. Nxf5 gxf5 35. Rgxf5+ Rf6 36. Rxf6+ Nxf6 37. f5 Re8 38. Re6 Rxe6 39. fxe6+ Ke7 40. Ke3 b5 41. cxb5 Nxd5+ 42. Kd2 axb5 43. c4 bxc4 44. a4 Kxe6 0-1

[Event "Cholet-B"]
[Site "Cholet"]
[Date "2011.03.05"]
[Round "1"]
[White "Fernandez, Clement"]
[Black "Viel, Jean Marc"]
[Result "1-0"]
[WhiteElo "1712"]
[BlackElo "1722"]
[PlyCount "63"]
[EventDate "2011.03.05"]
[EventType "tourn"]
[EventRounds "9"]
[EventCountry "FRA"]
[SourceTitle "EXT 2012"]
[Source "ChessBase"]
[SourceDate "2011.11.24"]
[SourceVersion "1"]
[SourceVersionDate "2011.11.24"]
[SourceQuality "1"]

1. d4 Nf6 2. Nf3 c5 3. d5 d6 4. Nc3 g6 5. Bg5 Bg7 6. e4 0-0 7. Bd3 Nbd7 8. 0-0 a6 9. a4 Ng4 10. Qd2 Nge5 11. Nxe5 Nxe5 12. Be2 f6 13. Bh6 Bd7 14. Bxg7 Kxg7 15. f4 Nf7 16. a5 b5 17. Kh1 b4 18. Nd1 Bb5 19. Ne3 Qc7 20. Nc4 Nd8 21. e5 Nb7 22. exf6+ exf6 23. f5 Rae8 24. fxg6 hxg6 25. Rf4 g5 26. Rf5 Re4 27. b3 Rfe8 28. Bd3 Rd4 29. Raf1 Qe7 30. Qf2 Bxc4 31. Bxc4 Qe5 32. Rxe5 1-0

[Event "Angers op 5th"]
[Site "Angers"]
[Date "2010.04.23"]
[Round "2"]
[White "Roche, Jean Francois"]
[Black "Viel, Jean Marc"]
[Result "0-1"]
[WhiteElo "1560"]
[BlackElo "1787"]
[PlyCount "72"]
[EventDate "2010.04.23"]
[EventType "swiss"]
[EventRounds "6"]
[EventCountry "FRA"]
[SourceTitle "EXT 2011"]
[Source "ChessBase"]
[SourceDate "2010.11.26"]
[SourceVersion "1"]
[SourceVersionDate "2010.11.26"]
[SourceQuality "1"]

1. b3 e5 2. Bb2 Nc6 3. e3 d5 4. Bb5 Bd6 5. Bxc6+ bxc6 6. Nf3 Bg4 7. h3 Bxf3 8. Qxf3 Nf6 9. c4 0-0 10. d3 Bb4+ 11. Kf1 Re8 12. Qe2 d4 13. e4 a5 14. a3 Bd6 15. Nd2 Qe7 16. Nf3 Reb8 17. Qc2 Nd7 18. Nd2 Ra7 19. Ke2 Rab7 20. Rhb1 Nc5 21. Bc1 f5 22. b4 axb4 23. axb4 Rxb4 24. Rxb4 Rxb4 25. Kf1 fxe4 26. Nxe4 Nxe4 27. dxe4 c5 28. Qe2 Qf7 29. Kg1 Rxc4 30. Ra8+ Bf8 31. Qd2 h6 32. Ba3 Kh7 33. Qa2 Kg8 34. Re8 Rc3 35. Re6 Rxa3 36. Qxa3 Qxe6 0-1